1982 England World Cup Squad (Spain 1982) - Statistics

General Stats
  • This quiz has been taken 14 times
  • The average score is 12 of 22
Answer Stats
Number Name Club % Correct
22 Peter Shilton Nottingham Forest
100%
1 Ray Clemence Tottenham Hotspur
75%
16 Bryan Robson Manchester United
67%
7 Kevin Keegan Southampton
67%
11 Paul Mariner Ipswich Town
67%
15 Graham Rix Arsenal
58%
12 Mick Mills Ipswich Town
58%
19 Ray Wilkins Manchester United
58%
4 Terry Butcher Ipswich Town
58%
21 Tony Woodcock Arsenal
58%
3 Trevor Brooking West Ham United
58%
17 Kenny Sansom Arsenal
50%
6 Steve Foster Brighton & Hove Albion
50%
2 Viv Anderson Nottingham Forest
50%
9 Glen Hoddle Tottenham Hotspur
42%
13 Joe Corrigan Manchester City
42%
20 Peter Withe Aston Villa
42%
14 Phil Neal Liverpool
42%
10 Terry McDermott Liverpool
42%
8 Trevor Francis Manchester City
42%
18 Phil Thompson Liverpool
33%
5 Steve Coppell Manchester United
33%
No matching quizzes found
Score Distribution
Percent of People with Each Score
Percentile by Number Answered
Your Score History
You have not taken this quiz